<?xml version="1.0" encoding="UTF-8"?>
<record
    xmlns:xsi="http://www.w3.org/2001/XMLSchema-instance"
    xsi:schemaLocation="http://www.loc.gov/MARC21/slim http://www.loc.gov/standards/marcxml/schema/MARC21slim.xsd"
    xmlns="http://www.loc.gov/MARC21/slim">

  <leader>00373nam a22001217a 4500</leader>
  <datafield tag="999" ind1=" " ind2=" ">
    <subfield code="c">109827</subfield>
    <subfield code="d">109827</subfield>
  </datafield>
  <controlfield tag="005">20181226115800.0</controlfield>
  <controlfield tag="008">181226b           ||||| |||| 00| 0 eng d</controlfield>
  <datafield tag="040" ind1=" " ind2=" ">
    <subfield code="c">PK-LaUMT</subfield>
  </datafield>
  <datafield tag="082" ind1=" " ind2=" ">
    <subfield code="a">RHC 891.5505</subfield>
    <subfield code="b">KAM-</subfield>
  </datafield>
  <datafield tag="245" ind1=" " ind2=" ">
    <subfield code="a">Kamand(Persian)/</subfield>
    <subfield code="b">quarterly research journal of the faculty of Persian/</subfield>
  </datafield>
  <datafield tag="260" ind1=" " ind2=" ">
    <subfield code="a">&#x6A9;&#x648;&#x626;&#x679;&#x6C1;:</subfield>
    <subfield code="b">&#x62F;&#x627;&#x646;&#x634;&#x6AF;&#x627;&#x6C1; &#x628;&#x644;&#x648;&#x686;&#x633;&#x62A;&#x627;&#x646;</subfield>
    <subfield code="c">2011</subfield>
  </datafield>
  <datafield tag="942" ind1=" " ind2=" ">
    <subfield code="c">BK</subfield>
  </datafield>
  <datafield tag="952" ind1=" " ind2=" ">
    <subfield code="0">0</subfield>
    <subfield code="1">0</subfield>
    <subfield code="4">0</subfield>
    <subfield code="7">0</subfield>
    <subfield code="a">01</subfield>
    <subfield code="b">01</subfield>
    <subfield code="d">2018-12-26</subfield>
    <subfield code="l">0</subfield>
    <subfield code="o">RHC 891.5505 KAM-</subfield>
    <subfield code="p">127236</subfield>
    <subfield code="r">2018-12-26 00:00:00</subfield>
    <subfield code="w">2018-12-26</subfield>
    <subfield code="y">BK</subfield>
  </datafield>
</record>
